[Event "Hradec Kralove op"]
[Site "Hradec Kralove"]
[Date "2015.10.07"]
[Round "4"]
[White "Splitek, Lubos"]
[Black "Horak, Miroslav1111"]
[Result "1-0"]
[WhiteElo "1800"]
[BlackElo "1676"]
[PlyCount "97"]
[EventDate "2015.10.04"]
[EventType "swiss"]
[EventRounds "9"]
[EventCountry "CZE"]
[SourceTitle "CBM 168 Extra"]
[Source "ChessBase"]
[SourceDate "2015.10.29"]
[SourceVersion "1"]
[SourceVersionDate "2015.10.29"]
[SourceQuality "1"]

1. e4 c5 2. Nc3 Nc6 3. g3 g6 4. Bg2 Bg7 5. d3 d6 6. Be3 e6 7. Qd2 Nge7 8. Bh6 0-0 9. Bxg7 Kxg7 10. Nh3 Nd4 11. Nd1 b5 12. e5 Rb8 13. exd6 Qxd6 14. 0-0 Bb7 15. Bxb7 Rxb7 16. f4 Qd5 17. Ng5 h6 18. Ne3 Qc6 19. c3 hxg5 20. cxd4 cxd4 21. Ng4 gxf4 22. Qxf4 Nf5 23. Ne5 Qc2 24. g4 Ne3 25. Rf2 Qc5 26. Qf6+ Kg8 27. Rf3 Qe7 28. Qf4 g5 29. Qe4 f5 30. gxf5 exf5 31. Qxd4 Nc2 32. Qd5+ Kg7 33. Raf1 Rd8 34. Qxb7 Qxb7 35. Rxf5 Qb6+ 36. R1f2 Qe3 37. Rf7+ Kg8 38. Ng4 Qe1+ 39. Rf1 Qe6 40. R7f5 Qg6 41. h3 Kg7 42. Ne5 Qb6+ 43. Kh2 Qd6 44. Rxg5+ Kh7 45. Rf4 Qh6 46. Nf7 Qxg5 47. Nxg5+ Kg6 48. Nf3 Nb4 49. Rxb4 1-0

[Event "Hradec Kralove op"]
[Site "Hradec Kralove"]
[Date "2015.10.06"]
[Round "3"]
[White "Navratil, Jiri"]
[Black "Splitek, Lubos"]
[Result "1-0"]
[WhiteElo "2054"]
[BlackElo "1800"]
[PlyCount "53"]
[EventDate "2015.10.04"]
[EventType "swiss"]
[EventRounds "9"]
[EventCountry "CZE"]
[SourceTitle "CBM 168 Extra"]
[Source "ChessBase"]
[SourceDate "2015.10.29"]
[SourceVersion "1"]
[SourceVersionDate "2015.10.29"]
[SourceQuality "1"]

1. d4 Nf6 2. Nf3 g6 3. h3 Bg7 4. c3 d6 5. Bf4 0-0 6. Nbd2 Nc6 7. e4 e5 8. dxe5 Nh5 9. Bg5 f6 10. exf6 Bxf6 11. Bh6 Re8 12. Bc4+ d5 13. Bb3 Kh8 14. Bc2 d4 15. 0-0 dxc3 16. bxc3 Bxc3 17. Rb1 Rb8 18. Ba4 Bd7 19. Nc4 Rxe4 20. Qd3 Rxc4 21. Qxc4 Bf6 22. Rfd1 Qe8 23. Qc1 Nd4 24. Bxd7 Ne2+ 25. Kf1 Nxc1 26. Bxe8 Nxa2 27. Re1 1-0

[Event "CZE-ch Seniors 60"]
[Site "Rychnov nad Kneznou"]
[Date "2015.08.17"]
[Round "3"]
[White "Splitek, Lubos"]
[Black "Zboril, Jaroslav"]
[Result "1-0"]
[WhiteElo "1777"]
[BlackElo "1998"]
[PlyCount "93"]
[EventDate "2015.08.15"]
[EventType "swiss"]
[EventRounds "9"]
[EventCountry "CZE"]
[SourceTitle "EXT 2016"]
[Source "ChessBase"]
[SourceDate "2015.10.08"]
[SourceVersion "1"]
[SourceVersionDate "2015.10.08"]
[SourceQuality "1"]

1. e4 d6 2. d4 Nf6 3. Nf3 Nxe4 4. Bc4 d5 5. Bb3 Bg4 6. h3 Bh5 7. g4 Bg6 8. Ne5 e6 9. h4 f6 10. Nxg6 hxg6 11. Qd3 Qd6 12. Nc3 f5 13. Nb5 Qd7 14. Bf4 Nd6 15. Nc3 Na6 16. 0-0-0 0-0-0 17. Rdg1 c6 18. f3 Nc7 19. a4 Nde8 20. Be5 Nf6 21. g5 Nfe8 22. Ne2 Bd6 23. Nf4 Qf7 24. Re1 Bxe5 25. Rxe5 Nd6 26. Qe2 Rde8 27. Qe1 Nc4 28. Re2 b6 29. Ba2 Kb7 30. b3 Nd6 31. c4 c5 32. dxc5 bxc5 33. Nd3 Na6 34. Ne5 Qc7 35. Nxg6 Rhg8 36. Rxe6 Nb4 37. Bb1 Rxe6 38. Qxe6 Re8 39. Qxe8 Nxe8 40. Re1 Qd8 41. Re7+ Nc7 42. Bxf5 dxc4 43. Rd7 Qg8 44. Ne7 Qe8 45. bxc4 Qf7 46. Be4+ Kb6 47. Nc8+ 1-0

[Event "CZE-ch Seniors 60"]
[Site "Rychnov nad Kneznou"]
[Date "2015.08.15"]
[Round "1"]
[White "Splitek, Lubos"]
[Black "Lorenc, Oldrich"]
[Result "0-1"]
[WhiteElo "1777"]
[BlackElo "2050"]
[PlyCount "74"]
[EventDate "2015.08.15"]
[EventType "swiss"]
[EventRounds "9"]
[EventCountry "CZE"]
[SourceTitle "EXT 2016"]
[Source "ChessBase"]
[SourceDate "2015.10.08"]
[SourceVersion "1"]
[SourceVersionDate "2015.10.08"]
[SourceQuality "1"]

1. e4 g6 2. d4 Bg7 3. f4 d6 4. Nf3 c5 5. Bc4 cxd4 6. Nxd4 Nf6 7. Nc3 0-0 8. e5 dxe5 9. fxe5 Ng4 10. e6 Qxd4 11. exf7+ Kh8 12. Qxd4 Bxd4 13. Nb5 Bf2+ 14. Ke2 Bb6 15. h3 Ne5 16. Bh6 Rxf7 17. Bxf7 Nxf7 18. Be3 Bd7 19. a4 Na6 20. Rhd1 Bc6 21. g4 Nc5 22. c4 Ne4 23. a5 Bxe3 24. Kxe3 Ne5 25. Rd4 Bxb5 26. cxb5 Nd6 27. Rad1 Nec4+ 28. Kf4 Rf8+ 29. Kg3 Nxa5 30. Rf4 Rc8 31. b4 Nac4 32. Rc1 Kg7 33. g5 e5 34. Rg4 e4 35. Rf4 Re8 36. Kf2 Re5 37. Ra1 Nxb5 0-1

[Event "Hradec Kralove op"]
[Site "Hradec Kralove"]
[Date "2013.05.17"]
[Round "4"]
[White "Jiruse, Josef"]
[Black "Splitek, Lubos"]
[Result "0-1"]
[WhiteElo "1995"]
[BlackElo "1768"]
[PlyCount "32"]
[EventDate "2013.05.15"]
[EventType "swiss"]
[EventRounds "9"]
[EventCountry "CZE"]
[SourceTitle "CBM 154 Extra"]
[Source "ChessBase"]
[SourceDate "2013.06.25"]
[SourceVersion "2"]
[SourceVersionDate "2013.06.25"]
[SourceQuality "1"]

1. e4 c5 2. Nc3 Nc6 3. f4 e6 4. Nf3 d5 5. exd5 exd5 6. Bb5 a6 7. Bxc6+ bxc6 8. 0-0 Bd6 9. Ne5 Ne7 10. d3 0-0 11. Na4 Qc7 12. b3 f6 13. Ng4 d4 14. c4 dxc3 15. Nxc3 Nd5 16. Ne4 Bxf4 0-1

[Event "Hradec Kralove op"]
[Site "Hradec Kralove"]
[Date "2013.05.15"]
[Round "1"]
[White "Splitek, Lubos"]
[Black "Bartos, Jan"]
[Result "0-1"]
[WhiteElo "1768"]
[BlackElo "2162"]
[PlyCount "42"]
[EventDate "2013.05.15"]
[EventType "swiss"]
[EventRounds "9"]
[EventCountry "CZE"]
[SourceTitle "CBM 154 Extra"]
[Source "ChessBase"]
[SourceDate "2013.06.25"]
[SourceVersion "2"]
[SourceVersionDate "2013.06.25"]
[SourceQuality "1"]

1. e4 g6 2. d4 Bg7 3. f4 c5 4. Nf3 cxd4 5. Nxd4 Nc6 6. Nxc6 bxc6 7. Nc3 Qb6 8. Bd3 d6 9. Na4 Qa5+ 10. c3 c5 11. 0-0 Bd7 12. Bc2 Nf6 13. e5 dxe5 14. fxe5 Ng4 15. Qd5 0-0-0 16. Be4 Qc7 17. Nxc5 Bb5 18. Qa8+ Qb8 19. Bb7+ Kc7 20. Qxb8+ Kxb8 21. Rxf7 Rd1+ 0-1

[Event "Hradec Kralove Region-chT 0506"]
[Site "Czech Republic"]
[Date "2005.10.23"]
[Round "1.8"]
[White "Splitek, Lubos"]
[Black "Kriz, Milan"]
[Result "1/2-1/2"]
[WhiteElo "1800"]
[BlackElo "1817"]
[PlyCount "95"]
[EventDate "2005.10.23"]
[EventType "team-tourn"]
[EventRounds "11"]
[EventCountry "CZE"]
[SourceTitle "EXT 2024"]
[Source "ChessBase"]
[SourceDate "2023.10.10"]
[SourceVersion "1"]
[SourceVersionDate "2023.10.10"]
[SourceQuality "1"]
[WhiteTeam "Lipa II"]
[BlackTeam "Jicin"]
[WhiteTeamCountry "CZE"]
[BlackTeamCountry "CZE"]

1. e4 c5 2. Nc3 e6 3. g3 a6 4. Bg2 Nc6 5. d3 Nf6 6. f4 d6 7. Nf3 Be7 8. a4 Qc7 9. 0-0 0-0 10. Ne2 Nd7 11. g4 b6 12. Ng3 Bb7 13. c3 b5 14. f5 b4 15. g5 Nde5 16. Nh4 a5 17. Kh1 Ba6 18. f6 Bd8 19. fxg7 Re8 20. Nh5 Ng6 21. Nxg6 fxg6 22. Nf6+ Bxf6 23. gxf6 Qf7 24. Bg5 Ne5 25. c4 Rad8 26. Rf4 Bb7 27. Rh4 d5 28. Rxh7 Qd7 29. Rh4 Nf7 30. Qg4 dxe4 31. Bxe4 Bxe4+ 32. dxe4 Qd4 33. Rg1 Qe5 34. Rh3 Nxg5 35. Qxg5 Qxe4+ 36. Qg2 Qxg2+ 37. Rxg2 Kf7 38. Rf3 Rd4 39. b3 Red8 40. Rgg3 Rg8 41. Rh3 Rd2 42. Rh8 Rdd8 43. Rxg8 Rxg8 44. Kg2 Rd8 45. Kg3 Rd4 46. Re3 Rd8 47. h3 Kxf6 48. Kf4 1/2-1/2